Navrhování automatických výrobních systémů

Salvato in:
Dettagli Bibliografici
Autore principale: Maixner, Ladislav
Natura: Libro
Lingua:ceco
Pubblicazione: Praha Státní nakladatelství technické literatury 1980
Serie:Automatizace a regulace sv. 16
Tags: Aggiungi Tag
Nessun Tag, puoi essere il primo ad aggiungerne!!

MARC

LEADER 00000nam a2200000 4500
001 c139753
005 20250929134832.2
041 0 |a cze 
044 |a CZ 
245 1 0 |a Navrhování automatických výrobních systémů  |c Ladislav Maixner 
264 1 |a Praha  |b Státní nakladatelství technické literatury  |c 1980 
300 |a 210 s. 
490 1 |a Automatizace a regulace  |v sv. 16 
830 0 |a Automatizace a regulace  |v sv. 16 
100 1 |a Maixner, Ladislav